Nárast populizmu a nacionalizmu v západnej Európe

Salvato in:
Dettagli Bibliografici
Autore principale: Liďák, Ján
Altri autori: Koganová, Viera
Natura: Capitolo di libro
Lingua:slovacco
Tags: Aggiungi Tag
Nessun Tag, puoi essere il primo ad aggiungerne!!

MARC

LEADER 00000naa$a2200000$$$4500
001 0062612
005 20240502071716.7
041 0 |a slo 
044 |a SK 
245 1 0 |a Nárast populizmu a nacionalizmu v západnej Európe  |c Ján Liďák, Viera Koganová 
100 1 |a Liďák, Ján 
700 1 |a Koganová, Viera